Top Lamb Producing Countries - Statistics

General Stats
  • This quiz has been taken 80 times
  • The average score is 14 of 20
Answer Stats
Metric Tonnes Answer % Correct
729,736 Australia
94%
2,476,138 China
94%
230,098 India
91%
289,320 United Kingdom
91%
462,575 New Zealand
89%
206,925 Russia
87%
361,785 Turkey
87%
315,231 Iran
85%
172,372 Pakistan
85%
336,724 Algeria
72%
153,204 Kazakhstan
72%
179,144 Morocco
66%
153,961 South Africa
66%
184,397 Uzbekistan
64%
142,228 Nigeria
62%
135,244 Turkmenistan
60%
151,141 Mongolia
53%
160,871 Syria
45%
168,179 Chad
30%
128,568 South Sudan
8%
No matching quizzes found
Score Distribution
Percent of People with Each Score
Percentile by Number Answered
Your Score History
You have not taken this quiz